Zodpovedný prístup k ťažbe nerastných surovín s ohľadom na ochranu životného prostredia zborník prednášok : Detva - Slovak Republic, 12. november 2007

Bibliographic Details
Format: Book
Language:Slovak
English
PhysicalDescription:123 s. mp., ilustr., fareb. fotogr. 25 cm
Published: Zvolen Technická univerzita 2007
ISBN:9788022818001 (brož.)
Edition:1. vyd.
Subjects:

MARC

LEADER 00000nam a2200000 a 4500
001 vtls009178446
003 SK-MaSNL
005 20260302005550.0
008 250414s2007 xo oab f 100 0 slo
015 |a SNBA2008/03-01294 
020 |a 9788022818001 (brož.) 
035 |a 12a9c9f3-b717-4cf8-86b7-d148cdf56104 
035 |a urn:nbn:sk:snk-amjscl 
035 |a urn:nbn:sk:snk:ar-a0ce6i 
040 |a SNK  |b slo  |c SNK  |e AACR2 
041 0 |a slo  |a eng  |b eng 
044 |a xo  |c SK 
072 7 |a 622  |x Baníctvo  |2 konspekt 
072 7 |a 502  |x Životné prostredie a jeho ochrana  |2 konspekt 
080 |a 622.3  |2 2001 
080 |a 502.17  |2 2001 
080 |a 502.175  |2 2001 
080 |a (062.534)  |2 2001 
245 0 0 |a Zodpovedný prístup k ťažbe nerastných surovín s ohľadom na ochranu životného prostredia  |b zborník prednášok : Detva - Slovak Republic, 12. november 2007  |c [editori: Katarína Gašparová, Emília Hroncová] 
246 1 1 |a Responsible approarch to mineral extraction with regard to environmental protection 
250 |a 1. vyd. 
260 |a Zvolen  |b Technická univerzita  |c 2007 
300 |a 123 s.  |b mp., ilustr., fareb. fotogr.  |c 25 cm 
366 |e 100 výt. 
500 |a Zozn. 
504 |a Bibliogr. odkazy 
650 0 7 |a ťažba nerastných surovín  |2 SNKPH  |9 67682 
650 0 7 |a ochrana životného prostredia  |2 SNKPH  |9 3352 
650 0 7 |a posudzovanie vplyvu na životné prostredie  |2 SNKPH  |9 312396 
655 7 |a zborníky konferencií  |2 SNKPH  |9 70153 
655 7 |a issue_zb  |2 SNK  |9 276493 
852 |a Slovenská národná knižnica 
919 |a 978-80-228-1800-1 
954 |a odborná, vedecká literatúra pôvodná (slovenská)  |2 lita 
954 |a odborná, vedecká literatúra cudzojazyčná (svetová)  |2 lita 
958 |a ART 
958 |a NB 
958 |a OND 
968 |d 62 
999 |c 999949  |d 1001879 
952 |a SNK  |b SNK  |y PREZ  |7 0  |p 17A0578991  |o snkSB 75580  |i snk2008/2236  |8 0  |0 0  |1 0  |4 0  |d 2008-01-28  |f 1  |l 0  |r 2025-04-28 00:00:00  |w 2026-02-24 
952 |a SNK  |b SNK  |y VYP  |7 0  |p 17A0578990  |o snkSB 75580 D1  |i snk2008/2237  |8 0  |0 0  |1 0  |4 0  |d 2008-01-28  |l 0  |r 2016-06-30 00:00:00  |w 2026-02-24